Povodí Svratky. 3. díl, Českomoravská vrchovina /

Další autoři: Pernica, Milan
Jazyk: Čeština
Vydáno: Praha : Olympia, 1969
Vydání: 1. vyd.
Edice: Turistický průvodce ČSSR (Olympia)
Fyzický popis: 114, [4] s., [12] s. fot. příl. [1] barev. mp. ; 8°
Knihy
Uloženo v:
LEADER 01155nam a22003252a 4500
001 000127431
003 CZ BrMZK
005 20210312064745.0
007 ta
008 950101s1969 xr b f cze d
015 |a cnb000450082 
020 |q (Váz.Kčs 13,50) 
035 |a (OCoLC)85223009 
040 |a ABA001  |b cze  |c ABA001  |d ABA001 
080 9 |a 914.372-14 
080 9 |a 908.437.2-14(083.85) 
245 0 0 |a Povodí Svratky.  |n 3. díl,  |p Českomoravská vrchovina /  |c ved. autor. kol. Milan Pernica 
246 3 0 |a Českomoravská vrchovina 
250 |a 1. vyd. 
260 |a Praha :  |b Olympia,  |c 1969 
300 |a 114, [4] s., [12] s. fot. příl. [1] barev. mp. ;  |c 8° 
490 1 |a Turistický průvodce ČSSR ;  |v sv. 22/3 
700 1 |a Pernica, Milan  |7 jk01092577  |4 aut 
830 0 |a Turistický průvodce ČSSR (Olympia)  |0 s 
910 |a BOA001  |b 1-0624.418  |b PK-A-0009.438,3 
920 |a 000086688 
990 |a BK 
991 |b 200905 
996 6 |b 2619973076  |c 1-0624.418  |l MZK  |r Sklad / do 1 hodiny  |n 16  |w 000127431  |u 000010  |a 1  |e BOA001  |j MZK50  |s P 
996 7 |b 3119965748  |c PK-A-0009.438,3  |l MZK  |r Sklad / do 1 hodiny  |n 20  |w 000127431  |u 000020  |a 1  |e BOA001  |j MZK50  |s A